000 00473nam a22001697a 4500
003 BDDh-ASL
005 20231015031043.0
008 221205s1938 ii ||||| |||| 00| 0 urd d
040 _aBDDh-ASL
_cBDDh-ASL
041 _aurd
082 _a297.920
_bQAS
245 0 0 _aQasasul Anbia : / قصص الانبیا
260 _aKanpur :
_bMajidi Press ,
_c1938.
300 _a288 p. :
_c32 cm.
650 0 _aMilad (Biography of Prophet Muhammad SM.)
_96451
942 _2ddc
_cBK
999 _c29666
_d29666